| 000 | 00884nam0a22002411 4500 | ||
|---|---|---|---|
| 001 | rc\2991607 | ||
| 005 | 20250530004417.0 | ||
| 035 | _a(NLR Aleph) 007135662 | ||
| 090 |
_a7004012 _c7004012 |
||
| 100 | _a20080227d1935 |||y0rusy50 ca | ||
| 101 | 0 | _arus | |
| 102 | _aRU | ||
| 105 | _aa z ||||y | ||
| 200 | 1 |
_aМассовое производство повозочных колес _fС.Е. Баранников |
|
| 210 |
_aЛенинград _cГослестехиздат _d1935 _g2 тип. Изд-ва Леноблисполкома и Ленсовета |
||
| 215 |
_aОбл., 168 с. _cил. _d23х15 см |
||
| 320 | _aБиблиогр.: "Перечень рекомендованной лит." (на 141-й с.) | ||
| 700 | 1 |
_aБаранников _bС.Е. |
|
| 801 | 0 |
_aRU _bNLR _gpsbo |
|
| 801 | 1 |
_aRU _bELAR _2rusmarc |
|
| 852 |
_aNLR _j34-4/3011 |
||
| 942 | _cBOOK | ||
| 980 | _aNB | ||